000 00277nam a2200121Ia 4500
008 240624s9999 xx 000 0 und d
041 _aeng
082 _a823 MUR
100 _aMURAKAMI HARUKI
245 _aWIND PINBALL
260 _c2015
_aLondon
_bHarvill Secker
365 _cRS
999 _c25850
_d25850